000 00708 a2200193 4500
008 080821t xxu||||| |||| 00| 0 eng d
010 _aENG-85061
020 _a8184300204
_c200.00
035 _aEN-68594
037 _bD.B.Act / Pub
082 _a320.954
100 _aMalkani, K. R.
245 _aPolitical mysteries
_cby K. R. Malkani
260 _aNew Delhi
_bOcean Books
_c2006
270 _a4/19, Asaf Ali Road,
_bNew Delhi
_cDelhi
_e110002
300 _a148 p.
_c22 cm. (Hb)
942 _adpl
_cEN
_k20.9543 / MAL
_2ddc
_h20.9543
_mMAL
999 _c975
_d975